| 000 | 00000nam##2200000za#4500 |
| 001 | 9.606855 |
| 003 | CaOODSP |
| 005 | 20211117142337 |
| 007 | cr ||||||||||| |
| 008 | 150406|2002||||xxc|||||o f|0| 0 fre|d |
| 040 | |aCaOODSP|bfre |
| 043 | |an-cn--- |
| 086 | 1 |aEn152-1/225-2003F-PDF |
| 110 | 2 |aCentre Saint-Laurent. |
| 245 | 10|aÉvolution spatiale et temporelle des processus sédimentaires et de la géochimie des sédiments du lac Saint-François au 20e siècle / |h[ressource électronique]|c[par] Magella Pelletier et Serge Lepage. |
| 260 | |aMontréal - Québec : |bEnvironnement Canada. |cDécembre 2002. |
| 300 | |a30, 120p.|bfigures (certaines en couleur), cartes (certaines en couleur), références, tableaux |
| 490 | 1 |aRapport scientifique et technique|vST-225 |
| 500 | |aLe n° de catalogue (En152-1/225-2003F) et l'ISBN (0-662-88739-5) de l'édition imprimée ont été incorrectement copiés dans l'édition électronique. |
| 546 | |a(Introduction and abstract in English.) |
| 590 | |a14-08-Supp|b2014-04-10 |
| 691 | 07|aGéochimie|2gcpds |
| 691 | 07|aLac|2gcpds |
| 691 | 07|aSédimentologie|2gcpds |
| 775 | 08|tSpatial and temporal evolution of the geochemistry and sedimentary processes of Lake Saint-François in the 20th century / |w(CaOODSP)9.579373 |
| 830 | #0|aRapport scientifique et technique ;|vST-225|w(CaOODSP)9.501370 |
| 856 | 40|ahttp://publications.gc.ca|qPDF|s3.18 Mo|uhttps://publications.gc.ca/collections/collection_2014/ec/En152-1-225-2003-2-fra.pdf |
| 856 | 40|ahttp://publications.gc.ca|qPDF|s764 Ko|uhttps://publications.gc.ca/collections/collection_2014/ec/En152-1-225-2003-1-fra.pdf|yST-225 |